[Event "LXI Lega superiore camp. russo"]
[Site "Novokuznetsk RUS"]
[Date "2008.09.05"]
[Round "3"]
[White "Najer, E."]
[Black "Landa, K."]
[Result "0-1"]
[WhiteElo "2670"]
[BlackElo "2615"]
[PlyCount "72"]
[EventDate "2008.09.03"]
[Source "www.chesslib.no"]
[SourceDate "2004.05.04"]

1. e4 e5 2. Nf3 Nc6 3. Nc3 Nf6 4. Bb5 Bc5 5. Nxe5 Nxe5 6. d4 Bd6 7. f4 Nc6 8. e5 Bb4 9. exf6 Qxf6 10. Be3 d5 11. O-O Bxc3 12. bxc3 Bf5 13. c4 O-O-O 14. cxd5 Nb4 15. Bf2 Nxc2 16. Rc1 Qg6 17. Qf3 a6 18. Bc4 Qd6 19. g4 Qg6 20. Qg3 Be4 21. f5 Qb6 22. a3 Nxd4 23. Rfd1 Rxd5 24. Rxd4 Rxd4 25. Bxf7 Rhd8 26. Re1 Bc6 27. h3 Qb2 28. Bxd4 Rxd4 29. Be8 Bd5 30. Bh5 Rd2 31. Re8+ Kd7 32. Re7+ Kxe7 33. Qxc7+ Kf6 34. g5+ Kxf5 35. Bg4+ Ke4 36. Qe7+ Qe5 0-1

[Event "JUG-Cup"]
[Site "Herceg Novi"]
[Date "2000.??.??"]
[Round "2"]
[White "Markovic, Miroslav"]
[Black "Beliavsky, Alexander G"]
[Result "1/2-1/2"]
[WhiteElo "2586"]
[BlackElo "2640"]
[PlyCount "81"]
[EventDate "2000.??.??"]
[Source "www.chesslib.no"]
[SourceDate "2004.05.04"]

1. e4 e5 2. Nf3 Nc6 3. Nc3 Nf6 4. Bb5 Bc5 5. O-O O-O 6. Nxe5 Nxe5 7. d4 Bd6 8. f4 Neg4 9. Be2 Bb4 10. Bxg4 Bxc3 11. bxc3 Nxe4 12. Bf5 Re8 13. Bxe4 Rxe4 14. f5 d5 15. f6 Qd6 16. Qh5 Bd7 17. fxg7 Qg6 18. Qxg6 hxg6 19. Bf4 f6 20. Bh6 Bf5 21. Rab1 b6 22. Rbe1 Kh7 23. Rxe4 dxe4 24. Bf4 Kxg7 25. d5 Rc8 26. h3 c6 27. d6 Re8 28. a4 e3 29. Re1 e2 30. Kf2 Kf7 31. Rxe2 Rxe2+ 32. Kxe2 Bxc2 33. a5 bxa5 34. Be3 Ke6 35. Bc5 g5 36. Ke3 Bg6 37. c4 f5 38. g3 Be8 39. Kd4 Bd7 40. Ba3 Kf6 41. Bc1 1/2-1/2

[Event "Rethymnon 88/297"]
[Site "?"]
[Date "2003.??.??"]
[Round "?"]
[White "Acs, P."]
[Black "Winants, L."]
[Result "1-0"]
[WhiteElo "2606"]
[BlackElo "2501"]
[PlyCount "77"]
[EventDate "2003.??.??"]
[Source "Chess Informant"]
[SourceDate "2003.06.01"]

1. e4 e5 2. Nf3 Nc6 3. Nc3 Nf6 4. Bb5 Bc5 5. O-O O-O 6. Nxe5 Nxe5 7. d4 Bd6 8. f4 Neg4 9. Be2 Bb4 10. e5 d5 11. f5 Bxc3 12. bxc3 Nxe5 13. dxe5 Ne4 14. Bb2 Qg5 15. Qc1 Qxc1 16. Raxc1 b5 17. Rcd1 c6 18. Bd3 c5 19. Bxe4 dxe4 20. Ba3 e3 21. Rde1 e2 22. Rf4 b4 23. cxb4 Ba6 24. b5 Bxb5 25. c4 Ba6 26. Rxe2 Rfd8 27. e6 f6 28. Bxc5 Rdc8 29. Be3 Bxc4 30. Rb2 h5 31. Rd4 Rc7 32. Bf4 Rc6 33. Rb7 Ba6 34. Re7 Rc4 35. Rdd7 Rxf4 36. Rxg7+ Kh8 37. Rh7+ Kg8 38. Rdg7+ Kf8 39. e7+ 1-0

[Event "Navalmoral op 6th"]
[Site "?"]
[Date "2000.??.??"]
[Round "4"]
[White "Vehi Bach Victor Manuel"]
[Black "Korneev Oleg"]
[Result "0-1"]
[WhiteElo "2454"]
[BlackElo "2619"]
[PlyCount "96"]
[EventDate "2000.??.??"]
[Source "www.chesslib.no"]
[SourceDate "2004.05.04"]

1. e4 e5 2. Nf3 Nc6 3. Nc3 Nf6 4. Bb5 Bc5 5. O-O O-O 6. Nxe5 Nxe5 7. d4 Bd6 8. f4 Neg4 9. e5 Bb4 10. exf6 Nxf6 11. f5 d5 12. Bg5 c6 13. Bd3 Re8 14. Qf3 h6 15. Bh4 Be7 16. Rae1 Bd7 17. Nd1 Qb6 18. c3 c5 19. dxc5 Bxc5+ 20. Bf2 Bb5 21. Bxb5 Qxb5 22. Bxc5 Qxc5+ 23. Qf2 b6 24. Qd4 a5 25. Nf2 Rxe1 26. Rxe1 Qxd4 27. cxd4 Rc8 28. Nd3 Rc4 29. Rc1 Rxd4 30. Ne5 Rf4 31. Rc8+ Kh7 32. Rc6 Rxf5 33. Nf3 Rf4 34. Rxb6 Rc4 35. h3 Rc2 36. a4 Nh5 37. b4 axb4 38. Rxb4 g5 39. Ne1 Rc1 40. Kf2 Nf4 41. a5 Ra1 42. Rb5 d4 43. g3 Ra2+ 44. Kf3 Ra3+ 45. Ke4 Ne2 46. Rc5 Re3+ 47. Kd5 d3 48. Nxd3 Rxd3+ 0-1

[Event "Interclubs Adultes"]
[Site "Evry FRA"]
[Date "2008.05.31"]
[Round "10.4"]
[White "Libiszewski, Fabien"]
[Black "Fontaine, Robert"]
[Result "1-0"]
[WhiteElo "2465"]
[BlackElo "2563"]
[PlyCount "99"]
[EventDate "2008.05.29"]
[Source "www.chesslib.no"]
[SourceDate "2004.05.04"]

1. e4 e5 2. Nf3 Nc6 3. Nc3 Nf6 4. Bb5 Bc5 5. O-O O-O 6. Nxe5 Nd4 7. Nd3 Nxb5 8. Nxb5 Nxe4 9. Nxc5 Nxc5 10. d4 Ne4 11. Qf3 Re8 12. Re1 d5 13. Bf4 Re7 14. c4 c6 15. cxd5 cxd5 16. Rac1 Be6 17. Qb3 Qa5 18. f3 Nf6 19. Bg5 Rd7 20. Bxf6 gxf6 21. Na3 Qd2 22. Qc3 Qg5 23. Qe3 Qg6 24. Nb5 Kh8 25. Qf4 Rg8 26. g3 Bh3 27. Nxa7 Ra8 28. a3 Kg7 29. Nb5 Rdd8 30. Nd6 Qd3 31. Rc3 Qg6 32. Rc7 Rxd6 33. Qxd6 Re8 34. Rxe8 Qb1+ 35. Kf2 Qf1+ 36. Ke3 Qe1+ 37. Kd3 Bf5+ 38. Re4 dxe4+ 39. fxe4 Qxe4+ 40. Kc3 Qc2+ 41. Kb4 Qxb2+ 42. Ka5 Qb3 43. Qb4 Qe6 44. Qc4 Qe8 45. Kb6 Be4 46. a4 Qf8 47. a5 Qd6+ 48. Ka7 Bd5 49. Qc5 Qd8 50. Qe7 1-0

[Event "Tournoi de Bastia"]
[Site "?"]
[Date "2003.10.30"]
[Round "4"]
[White "Skripchenko Lautier Almira"]
[Black "Korneev Oleg"]
[Result "1/2-1/2"]
[WhiteElo "2460"]
[BlackElo "2559"]
[PlyCount "46"]
[EventDate "2003.??.??"]
[Source "www.chesslib.no"]
[SourceDate "2004.05.04"]

1. e4 e5 2. Nf3 Nc6 3. Nc3 Nf6 4. Bb5 Bc5 5. O-O O-O 6. Nxe5 Nxe5 7. d4 Bd6 8. f4 Neg4 9. e5 Bb4 10. exf6 Nxf6 11. f5 d5 12. Qf3 c6 13. Bd3 Re8 14. Bg5 Be7 15. Rae1 Bd7 16. Kh1 Qb6 17. Rxe7 Rxe7 18. Bxf6 gxf6 19. Qg3+ Kf8 20. Qh4 Kg7 21. Qg3+ Kf8 22. Qh4 Kg7 23. Rf3 Ree8 1/2-1/2

[Event "Concello de Ortigueira op 1st"]
[Site "?"]
[Date "2002.08.11"]
[Round "8"]
[White "Perez Rodney"]
[Black "Korneev Oleg"]
[Result "1/2-1/2"]
[WhiteElo "2435"]
[BlackElo "2583"]
[PlyCount "79"]
[EventDate "2002.??.??"]
[Source "www.chesslib.no"]
[SourceDate "2004.05.04"]

1. e4 e5 2. Nf3 Nc6 3. Nc3 Nf6 4. Bb5 Bc5 5. O-O Qe7 6. Nd5 Nxd5 7. exd5 Nd4 8. Nxd4 Bxd4 9. c3 Bb6 10. d4 O-O 11. dxe5 Qxe5 12. Re1 Qf6 13. Be3 d6 14. Qd2 Bf5 15. Bxb6 cxb6 16. Re3 a6 17. Bd3 Rae8 18. Rf3 Re5 19. Bxf5 Rxf5 20. Rxf5 Qxf5 21. Re1 h5 22. h3 Rc8 23. Re3 Rc5 24. Qd3 Qxd3 25. Rxd3 g5 26. f4 g4 27. hxg4 hxg4 28. Kf2 Kg7 29. Kg3 f5 30. Kf2 Kf7 31. Ke3 b5 32. Rd1 Rc4 33. Rd4 Rc8 34. Rd1 Rh8 35. Kf2 Ke7 36. Re1+ Kd7 37. Re6 Rh1 38. Re1 Rh8 39. Re6 Rh1 40. Re1 1/2-1/2

[Event "Belfort"]
[Site "Belfort"]
[Date "1997.??.??"]
[Round "10"]
[White "Marciano, David"]
[Black "Kosten, Anthony C"]
[Result "1/2-1/2"]
[WhiteElo "2470"]
[BlackElo "2530"]
[PlyCount "132"]
[EventDate "1997.10.??"]
[Source "ChessBase"]
[SourceDate "1998.01.31"]

1. e4 e5 2. Nf3 Nc6 3. Nc3 Nf6 4. Bb5 Bc5 5. O-O O-O 6. Nxe5 Nxe5 7. d4 Bd6 8. f4 Nc6 9. e5 Bb4 10. d5 Bxc3 11. bxc3 Ne4 12. Qf3 f5 13. dxc6 bxc6 14. Bd3 d5 15. exd6 cxd6 16. Bxe4 fxe4 17. Qxe4 Ba6 18. Re1 Re8 19. Qxe8+ Qxe8 20. Rxe8+ Rxe8 21. Ba3 Re2 22. Bxd6 Bc4 23. Rb1 Bxa2 24. Rb8+ Kf7 25. Rb7+ Kg6 26. g4 Bd5 27. h3 h5 28. gxh5+ Kh6 29. Rxa7 Rg2+ 30. Kf1 Rxc2 31. Be5 Bg2+ 32. Ke1 Bxh3 33. Rxg7 Kxh5 34. Rg5+ Kh6 35. Bg7+ Kh7 36. Bd4 Kh6 37. Rg8 Bf5 38. Rf8 Be4 39. f5 c5 40. Be5 Bd3 41. Rh8+ Kg5 42. f6 Bc4 43. Kd1 Bb3 44. Rb8 Rxc3+ 45. Kd2 Rf3 46. Rb5 Bf7 47. Rxc5 Rf5 48. Ke3 Kg6 49. Ke4 Rh5 50. Rc1 Rh4+ 51. Kf3 Kf5 52. Rc5 Rh3+ 53. Kg2 Rd3 54. Bc3+ Kg6 55. Kf2 Rh3 56. Rc7 Rd3 57. Ke2 Rh3 58. Be5 Kf5 59. Bd4 Kg6 60. Rc1 Rg3 61. Rd1 Kf5 62. Kf2 Rg4 63. Ba1 Rf4+ 64. Ke3 Re4+ 65. Kd3 Bc4+ 66. Kc3 Kxf6 1/2-1/2

[Event "Hamburg SKA"]
[Site "Hamburg"]
[Date "1991.??.??"]
[Round "?"]
[White "Wahls, Matthias"]
[Black "Wegner, Hannu"]
[Result "1-0"]
[WhiteElo "2560"]
[BlackElo "2435"]
[PlyCount "95"]
[EventDate "1991.06.??"]
[Source "ChessBase"]

1. e4 e5 2. Nf3 Nc6 3. Nc3 Nf6 4. Bb5 Bc5 5. d3 d6 6. Be3 Bb6 7. Nd5 Bxe3 8. fxe3 O-O 9. Nc3 Ne7 10. Qd2 Ng6 11. O-O Bd7 12. Bc4 Be6 13. Bb3 Bxb3 14. axb3 c6 15. Kh1 a6 16. Ng1 d5 17. exd5 Nxd5 18. e4 Ndf4 19. Nge2 f6 20. Ng3 Nh4 21. Rf2 Qd7 22. Nf1 Ne6 23. Ne3 Nd4 24. Na4 Rae8 25. Raf1 Rf7 26. Nc5 Qc7 27. b4 Qb6 28. Qc3 Nb5 29. Qb3 Nd6 30. Qa3 Ng6 31. c3 Nf4 32. Rf3 Ne6 33. Nb3 Qd8 34. Qa2 Qb6 35. Rd1 Ree7 36. Na5 Qc7 37. Rff1 Kh8 38. Nb3 Qb6 39. Rfe1 Kg8 40. Nf5 Rd7 41. d4 exd4 42. Nbxd4 Nf8 43. e5 fxe5 44. Nxd6 Rxd6 45. Nf3 Rxd1 46. Rxd1 Qe3 47. Rf1 Qd3 48. Qxf7+ 1-0

[Event "Budapest FS03 GM"]
[Site "Budapest"]
[Date "1996.??.??"]
[Round "9"]
[White "Keitlinghaus, Ludger"]
[Black "Kogan, Artur"]
[Result "1/2-1/2"]
[WhiteElo "2475"]
[BlackElo "2485"]
[PlyCount "25"]
[EventDate "1996.03.??"]
[Source "ChessBase"]

1. e4 e5 2. Nf3 Nc6 3. Nc3 Nf6 4. Bb5 Bc5 5. O-O d6 6. d4 exd4 7. Nxd4 Bd7 8. Nf5 O-O 9. Bg5 Bxf5 10. exf5 d5 11. Bxf6 Qxf6 12. Qxd5 Bd6 13. Bxc6 1/2-1/2

[Event "Olot Open"]
[Site "Olot"]
[Date "1994.??.??"]
[Round "?"]
[White "Conquest, Stuart"]
[Black "Garriga Nualart, Josep"]
[Result "1-0"]
[WhiteElo "2495"]
[BlackElo "2375"]
[PlyCount "83"]
[EventDate "1994.08.??"]
[Source "www.chesslib.no"]
[SourceDate "2004.05.04"]

1. e4 e5 2. Nf3 Nc6 3. Nc3 Nf6 4. Bb5 Bc5 5. O-O O-O 6. Nxe5 Re8 7. Nf3 Nxe4 8. d4 Nxc3 9. bxc3 Be7 10. d5 Nb8 11. Bf4 a6 12. Ba4 b5 13. Bb3 d6 14. Nd4 Bb7 15. c4 bxc4 16. Ba4 Rf8 17. Nf5 Bf6 18. Rb1 Bc8 19. Ne3 c3 20. Re1 Nd7 21. Bg3 Nb6 22. Bc6 Rb8 23. Ng4 Bb7 24. Bxb7 Rxb7 25. Qd3 Rb8 26. Rb4 Nd7 27. Rxb8 Qxb8 28. Qxa6 Qb4 29. h3 Bd4 30. Qc6 Nb6 31. Re8 Qc5 32. Rxf8+ Kxf8 33. Qb7 f5 34. Nh2 f4 35. Bxf4 Bxf2+ 36. Kh1 Bd4 37. Nf3 Bf6 38. a4 Nxd5 39. Bg3 Qb6 40. Qa8+ Ke7 41. Qxd5 Qb2 42. Ne1 1-0

[Event "1st Asean Open, Bandar Seri Begawan BRU"]
[Site "?"]
[Date "2001.??.??"]
[Round "?"]
[White "Nguyen Anh Dung"]
[Black "Irwanto"]
[Result "1/2-1/2"]
[WhiteElo "2530"]
[BlackElo "2330"]
[PlyCount "32"]
[EventDate "2001.??.??"]
[Source "www.chesslib.no"]
[SourceDate "2004.05.04"]

1. e4 e5 2. Nf3 Nc6 3. Nc3 Nf6 4. Bb5 Bc5 5. O-O d6 6. d4 exd4 7. Nxd4 Bd7 8. Nf5 O-O 9. Bg5 Bxf5 10. exf5 Nd4 11. Bd3 d5 12. Bxf6 Qxf6 13. Nxd5 Qg5 14. Ne3 Nc6 15. Re1 Rad8 16. Qf3 Ne5 1/2-1/2

[Event "New York Open"]
[Site "New York, NY USA"]
[Date "1984.??.??"]
[Round "8"]
[White "Taylor, Timothy"]
[Black "Rizzitano, James"]
[Result "1/2-1/2"]
[WhiteElo "2450"]
[BlackElo "2390"]
[PlyCount "39"]
[EventDate "1984.04.??"]
[Source "www.chesslib.no"]
[SourceDate "2004.05.04"]

1. e4 e5 2. Nf3 Nc6 3. Nc3 Nf6 4. Bb5 Bc5 5. O-O O-O 6. Nxe5 Nxe5 7. d4 Bd6 8. f4 Nc6 9. e5 Be7 10. d5 Nb4 11. exf6 Bxf6 12. Ne4 c6 13. Nxf6+ Qxf6 14. Bc4 Qd6 15. Be3 Nxd5 16. Bxd5 cxd5 17. Qd4 b6 18. Rad1 Re8 19. Rf3 Bb7 20. f5 1/2-1/2

[Event "AUT-chT2O 0102"]
[Site "?"]
[Date "2002.01.20"]
[Round "7.2"]
[White "Volkmann Friedrich Karl"]
[Black "Plachetka Jan"]
[Result "1/2-1/2"]
[WhiteElo "2414"]
[BlackElo "2422"]
[PlyCount "95"]
[EventDate "2002.??.??"]
[Source "www.chesslib.no"]
[SourceDate "2004.05.04"]

1. e4 e5 2. Nf3 Nc6 3. Nc3 Nf6 4. Bb5 Bc5 5. O-O Nd4 6. Nxe5 O-O 7. Re1 d6 8. Nf3 Ng4 9. Rf1 f5 10. Be2 fxe4 11. Nxe4 Qe7 12. d3 Nxe2+ 13. Qxe2 d5 14. Bg5 Qe6 15. Ng3 Qg6 16. d4 Bxd4 17. Be7 Rf5 18. Qd2 Rxf3 19. gxf3 Ne5 20. Kg2 Bxb2 21. Qxd5+ Qe6 22. Rad1 Qxd5 23. Rxd5 Be6 24. Rb5 Bd4 25. Rd1 a6 26. Rxb7 Bd5 27. Ne4 Bxb7 28. Rxd4 Re8 29. Ba3 h6 30. Kg3 Re6 31. h4 Rc6 32. Nc5 Rg6+ 33. Kf4 Nc6 34. Rd7 Rf6+ 35. Ke3 Ne5 36. Rd8+ Kh7 37. Nxb7 Nc4+ 38. Ke4 Nxa3 39. Rd3 Nxc2 40. Rc3 Nb4 41. a3 Re6+ 42. Kd4 Rb6 43. Rxc7 Nc2+ 44. Rxc2 Rxb7 45. Rc6 a5 46. Rc5 a4 47. Ra5 Rb3 48. Rxa4 1/2-1/2

[Event "Sitges Open"]
[Site "Sitges"]
[Date "1993.??.??"]
[Round "8"]
[White "Ivanov, Alexey"]
[Black "Ferron Garcia, Carlos"]
[Result "1-0"]
[WhiteElo "2475"]
[BlackElo "2345"]
[PlyCount "76"]
[EventDate "1993.07.??"]
[Source "www.chesslib.no"]
[SourceDate "2004.05.04"]

1. e4 e5 2. Nf3 Nc6 3. Nc3 Nf6 4. Bb5 Bc5 5. Nxe5 Nxe5 6. d4 a6 7. Be2 Bb4 8. dxe5 Nxe4 9. Qd4 Nxc3 10. bxc3 Be7 11. Qg4 Kf8 12. Bf4 d5 13. Qh5 Qd7 14. O-O Qf5 15. Qf3 g5 16. Be3 Qxc2 17. Bd4 Be6 18. Bd3 Qd2 19. Rad1 Qf4 20. Qh5 c5 21. g3 Qg4 22. Qh6+ Ke8 23. Be3 Kd7 24. Kg2 Rhg8 25. c4 Bf8 26. f3 Qxf3+ 27. Rxf3 Bxh6 28. cxd5 Bh3+ 29. Kxh3 g4+ 30. Kh4 gxf3 31. Bxh6 b5 32. Bf5+ Kc7 33. d6+ Kb6 34. Rf1 Rge8 35. Bg7 Rg8 36. Bf6 c4 37. Rxf3 Kc5 38. Bxh7 Rh8 1-0

[Event "Ilioupolis"]
[Site "Ilioupolis"]
[Date "1995.??.??"]
[Round "9"]
[White "Cela, Altin"]
[Black "Kofidis, Andreas"]
[Result "1/2-1/2"]
[WhiteElo "2405"]
[BlackElo "2405"]
[PlyCount "81"]
[EventDate "1995.??.??"]
[Source "ChessBase"]

1. e4 e5 2. Nf3 Nc6 3. Nc3 Nf6 4. Bb5 Bc5 5. O-O O-O 6. d3 d6 7. Bg5 h6 8. Bh4 Bg4 9. Bxc6 bxc6 10. h3 Be6 11. d4 exd4 12. Nxd4 Qd7 13. Bxf6 gxf6 14. Qd3 Kh8 15. Nce2 Rg8 16. Nf4 Bxh3 17. Nxh3 Qg4 18. g3 Qxh3 19. c3 Rg5 20. Qf3 Rag8 21. Qxf6+ R8g7 22. Rfd1 R5g6 23. Qf4 h5 24. Rd3 h4 25. Qf5 Rg4 26. Qh5+ Rh7 27. Qf5 Bxd4 28. Qc8+ Kg7 29. cxd4 Rh6 30. Rf3 Rhg6 31. Qf5 f6 32. Qd7+ Kh6 33. Qd8 Kh7 34. Qd7+ Kh8 35. Qd8+ Kh7 36. Qd7+ Rg7 37. Qf5+ Kh8 38. Qh5+ Kg8 39. Qe8+ Kh7 40. Qh5+ Kg8 41. Qe8+ 1/2-1/2

[Event "Cappelle Open"]
[Site "Cappelle la Grande FRA"]
[Date "1993.??.??"]
[Round "5"]
[White "Rowson, Jonathan"]
[Black "Winants, Luc"]
[Result "1/2-1/2"]
[WhiteElo "2290"]
[BlackElo "2520"]
[PlyCount "34"]
[EventDate "1993.02.??"]
[Source "www.chesslib.no"]
[SourceDate "2004.05.04"]

1. e4 e5 2. Nf3 Nc6 3. Nc3 Nf6 4. Bb5 Bc5 5. O-O O-O 6. Nxe5 Nxe5 7. d4 Bd6 8. f4 Nc6 9. e5 Be7 10. d5 Nxd5 11. Qxd5 Nb4 12. Qe4 Bc5+ 13. Kh1 d5 14. exd6 c6 15. Bc4 Bxd6 16. f5 Re8 17. Qg4 Nd5 1/2-1/2

[Event "SUI-chT"]
[Site "SUI"]
[Date "1996.??.??"]
[Round "9"]
[White "Godena, Michele"]
[Black "Karl, Hans"]
[Result "1-0"]
[WhiteElo "2550"]
[BlackElo "2255"]
[PlyCount "85"]
[EventDate "1996.??.??"]
[Source "ChessBase"]

1. e4 e5 2. Nf3 Nc6 3. Nc3 Nf6 4. Bb5 Bc5 5. d3 a6 6. Bxc6 dxc6 7. Be3 Bxe3 8. fxe3 Bg4 9. h3 Bxf3 10. Qxf3 Qe7 11. O-O-O O-O-O 12. Rhf1 Rd7 13. d4 Re8 14. Qg3 exd4 15. exd4 g6 16. e5 Nh5 17. Qf3 c5 18. dxc5 Rxd1+ 19. Rxd1 Qxc5 20. g4 Ng7 21. Qf6 Qf8 22. Rf1 Re7 23. Kb1 Ne8 24. Qg5 h6 25. Qe3 Qg7 26. Qa7 Qxe5 27. Rd1 Nd6 28. Qa8+ Kd7 29. Qxb7 Qa5 30. Qf3 Kc8 31. Qa8+ Kd7 32. Qf3 Ke8 33. Qa8+ Kd7 34. Qf3 h5 35. Qb7 hxg4 36. hxg4 Qe5 37. Qg2 Qg7 38. Qf3 Qe5 39. Ka1 f5 40. gxf5 Qxf5 41. Qb7 Qxc2 42. Rxd6+ Ke8 43. Qa8+ 1-0

[Event "It (Open) Las Palmas ESP"]
[Site "?"]
[Date "2005.11.28"]
[Round "5.7"]
[White "Delgado Crespo Mairelys"]
[Black "Fernandez Garcia Jose Luis"]
[Result "0-1"]
[WhiteElo "2318"]
[BlackElo "2450"]
[PlyCount "104"]
[EventDate "2005.??.??"]
[Source "www.chesslib.no"]
[SourceDate "2004.05.04"]

1. e4 e5 2. Nf3 Nc6 3. Nc3 Nf6 4. Bb5 Bc5 5. O-O O-O 6. Nxe5 Nxe5 7. d4 Bd6 8. dxe5 Bxe5 9. Bg5 h6 10. Bxf6 Qxf6 11. Qd3 c6 12. Ba4 b5 13. Bb3 a5 14. a3 Ba6 15. Nd1 a4 16. Ba2 Bxb2 17. Nxb2 Qxb2 18. Qxd7 Qxc2 19. Rfc1 Qb2 20. Rcb1 Qf6 21. e5 Qxe5 22. Qxc6 Ra7 23. Qb6 Qc7 24. Qe3 Qe7 25. Qf3 Qg5 26. Bd5 Re7 27. Re1 Rd8 28. Rxe7 Qxe7 29. h3 Qf6 30. Re1 Qxf3 31. Bxf3 Kf8 32. Bc6 g6 33. Re5 Rb8 34. f3 Rb6 35. Bd7 Kg7 36. Kf2 Kf6 37. Rc5 Ke7 38. Bc8 Kd6 39. Rc3 Bxc8 40. Rxc8 Rc6 41. Rb8 Kc5 42. Ke3 Kc4 43. Kd2 Re6 44. Rb7 f5 45. f4 g5 46. fxg5 hxg5 47. Rc7+ Kb3 48. Rc5 Rb6 49. Rxf5 Kxa3 50. Kc2 b4 51. Kb1 Kb3 52. g3 Rh6 0-1

[Event "National I"]
[Site "?"]
[Date "2003.04.04"]
[Round "4"]
[White "Gallagher Joseph G"]
[Black "Leygue Dominique"]
[Result "1-0"]
[WhiteElo "2515"]
[BlackElo "2253"]
[PlyCount "43"]
[EventDate "2003.??.??"]
[Source "www.chesslib.no"]
[SourceDate "2004.05.04"]

1. e4 e5 2. Nf3 Nc6 3. Nc3 Nf6 4. Bb5 Bc5 5. O-O O-O 6. Nxe5 Nxe5 7. d4 Bd6 8. f4 Ng6 9. e5 Be7 10. exf6 Bxf6 11. f5 Ne7 12. Ne4 Nc6 13. c3 d5 14. Nxf6+ Qxf6 15. Qh5 h6 16. g4 Nxd4 17. cxd4 Qxd4+ 18. Rf2 g6 19. Qh3 h5 20. Be3 Qb4 21. Bd3 gxf5 22. gxf5 1-0

[Event "BCF Ch"]
[Site "Norwich ENG"]
[Date "1994.??.??"]
[Round "9"]
[White "Ferguson, Mark"]
[Black "Lodhi, Mahmood"]
[Result "1-0"]
[WhiteElo "2290"]
[BlackElo "2475"]
[PlyCount "53"]
[EventDate "1994.08.??"]
[Source "www.chesslib.no"]
[SourceDate "2004.05.04"]

1. e4 e5 2. Nf3 Nc6 3. Nc3 Nf6 4. Bb5 Bc5 5. O-O d6 6. d4 exd4 7. Nxd4 Bd7 8. Nf5 O-O 9. Bg5 h6 10. Bh4 Kh7 11. Nxg7 Kxg7 12. Nd5 Bd4 13. c3 Qc8 14. Bxc6 bxc6 15. Qxd4 cxd5 16. Qxf6+ Kh7 17. exd5 Bf5 18. Rfe1 Bg6 19. Re7 Qa6 20. b3 Rae8 21. c4 Qa5 22. f3 Qd2 23. Be1 Qd3 24. Bc3 Qxc3 25. Qxc3 Rxe7 26. Re1 Rd7 27. Qf6 1-0

[Event "Hessen-Baden"]
[Site "GER"]
[Date "1994.??.??"]
[Round "?"]
[White "Ginsburg, Gennadij"]
[Black "Schlindwein, Rolf"]
[Result "1-0"]
[WhiteElo "2435"]
[BlackElo "2325"]
[PlyCount "57"]
[EventDate "1994.??.??"]
[Source "www.chesslib.no"]
[SourceDate "2004.05.04"]

1. e4 e5 2. Nf3 Nc6 3. Nc3 Nf6 4. Bb5 Bc5 5. O-O O-O 6. d3 d6 7. Bg5 Bg4 8. Bxc6 bxc6 9. h3 Be6 10. d4 exd4 11. Nxd4 Bxd4 12. Qxd4 c5 13. Qd3 h6 14. Bh4 Rb8 15. b3 g5 16. Bg3 Nh5 17. f4 Qf6 18. Ne2 Nxg3 19. Qxg3 Rb4 20. Nc3 Kh8 21. f5 Bd7 22. Nd5 Qd4+ 23. Kh2 Rb7 24. Rad1 Qxe4 25. Nf6 Qxc2 26. Nxd7 Rd8 27. Ne5 Rf8 28. Ng4 Qxa2 29. Rxd6 1-0

[Event "BCF Ch"]
[Site "Southampton ENG"]
[Date "1986.??.??"]
[Round "9"]
[White "Motwani, Paul"]
[Black "Hawksworth, John C"]
[Result "1/2-1/2"]
[WhiteElo "2355"]
[BlackElo "2400"]
[PlyCount "71"]
[EventDate "1986.07.28"]
[Source "www.chesslib.no"]
[SourceDate "2004.05.04"]

1. e4 e5 2. Nf3 Nc6 3. Nc3 Nf6 4. Bb5 Bc5 5. Nxe5 Nxe5 6. d4 Bb4 7. dxe5 Nxe4 8. Qd4 Nxc3 9. bxc3 Be7 10. Qg4 g6 11. Qf3 O-O 12. Bh6 Re8 13. O-O Bg5 14. Bxg5 Qxg5 15. Bc4 Re7 16. Rae1 d6 17. Qf6 Qxf6 18. exf6 Re5 19. f4 Rxe1 20. Rxe1 Be6 21. Bxe6 fxe6 22. Rxe6 Kf7 23. Re7+ Kxf6 24. Rxc7 Re8 25. Kf2 Re4 26. Kf3 Ra4 27. Rxb7 h5 28. Rb2 Ra3 29. Ke4 Rxc3 30. Kd5 Ke7 31. Kd4 Ra3 32. c3 Ke6 33. g3 Kf5 34. h3 Ra5 35. c4 Ra3 36. Rg2 1/2-1/2

[Event "RUS-ch sf"]
[Site "Novosibirsk"]
[Date "1998.??.??"]
[Round "?"]
[White "Kargin, Arseny"]
[Black "Belozerov, Andrei"]
[Result "0-1"]
[WhiteElo "2285"]
[BlackElo "2460"]
[PlyCount "94"]
[EventDate "1998.??.??"]
[Source "www.chesslib.no"]
[SourceDate "2004.05.04"]

1. e4 e5 2. Nf3 Nc6 3. Nc3 Nf6 4. Bb5 Bc5 5. O-O O-O 6. Nxe5 Nxe5 7. d4 Bd6 8. f4 Nc6 9. e5 Be7 10. d5 Nb4 11. exf6 Bxf6 12. a3 Bxc3 13. bxc3 Nxd5 14. Qxd5 c6 15. Qd4 cxb5 16. f5 f6 17. Qd5+ Rf7 18. Be3 d6 19. Rad1 Bd7 20. Qxd6 Qc8 21. Qc5 b6 22. Qd5 Bc6 23. Qd4 Qb7 24. Qg4 Re8 25. Bd4 Re4 26. Qg3 h5 27. h3 h4 28. Qf2 Rfe7 29. Rde1 Qa6 30. Rxe4 Rxe4 31. Re1 Qxa3 32. Rxe4 Bxe4 33. Qxh4 Bxf5 34. Qh5 Qc1+ 35. Kh2 Qf4+ 36. Kg1 Qe4 37. Kh2 Bd7 38. Qd1 Bc6 39. Qd2 Kf7 40. Be3 Ke6 41. Bd4 Bd5 42. Qf2 Qg6 43. Bxb6 axb6 44. Qxb6+ Kf5 45. g4+ Ke5 46. Qc7+ Ke4 47. Kg3 Qh6 0-1

[Event "XIX Czech Chladek & Tintera A Open"]
[Site "Pardubice CEC"]
[Date "2008.07.25"]
[Round "8"]
[White "Stopa, Ja"]
[Black "Ashton, A."]
[Result "1-0"]
[WhiteElo "2440"]
[BlackElo "2303"]
[PlyCount "87"]
[EventDate "2008.07.18"]
[Source "www.chesslib.no"]
[SourceDate "2004.05.04"]

1. e4 e5 2. Nf3 Nc6 3. Nc3 Nf6 4. Bb5 Bc5 5. O-O O-O 6. Nxe5 Nxe5 7. d4 Bd6 8. f4 Nc6 9. e5 Be7 10. d5 Nb4 11. exf6 Bxf6 12. Be3 Re8 13. Bc5 c6 14. Bxb4 cxb5 15. d6 a5 16. Bc5 b6 17. Bd4 Bb7 18. Nxb5 Re4 19. Bc3 Rc8 20. Qd3 Rcc4 21. b3 Bxc3 22. Nxc3 Rcd4 23. Qf3 f5 24. Nxe4 Bxe4 25. Qe3 Rxd6 26. Rad1 Rg6 27. Rf2 h6 28. c4 Kh7 29. Qd4 Bc6 30. Re1 Qh4 31. Re3 Qh5 32. Rg3 Rxg3 33. hxg3 Qg4 34. Qxb6 Qxg3 35. Qxa5 Be4 36. Qd2 h5 37. Re2 h4 38. Qe3 Qg4 39. Kh2 Kg8 40. a4 h3 41. gxh3 Qg6 42. Qd4 Qh5 43. Rxe4 fxe4 44. Qd5+ 1-0

[Event "Tivat Open"]
[Site "Tivat"]
[Date "1995.??.??"]
[Round "7"]
[White "Certic, Branimir"]
[Black "Golubovic, Zoran"]
[Result "1-0"]
[WhiteElo "2435"]
[BlackElo "2305"]
[PlyCount "65"]
[EventDate "1995.??.??"]
[Source "www.chesslib.no"]
[SourceDate "2004.05.04"]

1. e4 e5 2. Nf3 Nc6 3. Nc3 Nf6 4. Bb5 Bc5 5. Nxe5 Nxe5 6. d4 c6 7. dxe5 cxb5 8. exf6 Qxf6 9. O-O Qc6 10. Qd3 b4 11. Nd5 O-O 12. a3 Re8 13. axb4 Bb6 14. Bf4 Bd8 15. b5 Qe6 16. Bc7 Qg4 17. Bxd8 Rxd8 18. Nb6 Rb8 19. Qd6 axb6 20. Qxb8 Qxe4 21. Qc7 Rf8 22. Ra8 Qe8 23. c4 g6 24. Qxb6 Qe5 25. c5 h5 26. Qd6 Qe2 27. Qc7 Qe8 28. b6 Kg7 29. h3 Rg8 30. b4 Rf8 31. b5 h4 32. Rb8 Rh8 33. c6 1-0

[Event "Nationale I Jeune, Suce sur Erdre"]
[Site "?"]
[Date "1998.??.??"]
[Round "?"]
[White "Clerfeuille, Marine"]
[Black "Cornanguer, Erwan"]
[Result "0-1"]
[WhiteElo "2310"]
[BlackElo "2430"]
[PlyCount "38"]
[EventDate "1998.??.??"]
[Source "www.chesslib.no"]
[SourceDate "2004.05.04"]

1. e4 e5 2. Nf3 Nc6 3. Nc3 Nf6 4. Bb5 Bc5 5. d3 h6 6. Be3 Bxe3 7. fxe3 d6 8. h3 O-O 9. O-O a6 10. Bxc6 bxc6 11. d4 Qe8 12. d5 a5 13. b3 Ba6 14. Re1 Rb8 15. Rb1 c5 16. a4 Qd7 17. Ra1 Rbd8 18. Qd2 c6 19. dxc6 Qxc6 0-1

[Event "Capablanca mem-C"]
[Site "Cienfuegos"]
[Date "1996.??.??"]
[Round "12"]
[White "Paneque, Pedro"]
[Black "Ricaurte Lopez, Juan Carlos"]
[Result "1/2-1/2"]
[WhiteElo "2370"]
[BlackElo "2365"]
[PlyCount "21"]
[EventDate "1996.05.??"]
[Source "ChessBase"]

1. e4 e5 2. Nf3 Nc6 3. Nc3 Nf6 4. Bb5 Bc5 5. O-O d6 6. d3 Bg4 7. Be3 Bb6 8. Bxc6+ bxc6 9. Qe2 h6 10. Bxb6 axb6 11. Nd1 1/2-1/2